Подробности
| 000 -МАРКЕР |
| контрольное поле |
02533nam0a2200373 4500 |
| 001 - ИДЕНТИФИКАТОР ЗАПИСИ |
| контрольное поле |
RU\NLR\bibl\936155 |
| 005 - ИДЕНТИФИКАТОР ВЕРСИИ |
| контрольное поле |
20260407095247.0 |
| 010 ## - МЕЖДУНАРОДНЫЙ СТАНДАРТНЫЙ НОМЕР КНИГИ (ISBN) |
| Номер (ISBN) |
5-7638-0539-9 |
| Тираж |
1500 |
| 021 ## - НОМЕР ГОСУДАРСТВЕННОЙ РЕГИСТРАЦИИ |
| Код страны |
Российская Федерация |
| Номер |
2006-11367 |
| Номер Листа государственной регистраци |
554 |
| 035 ## - ДРУГИЕ СИСТЕМНЫЕ НОМЕРА |
| Идентификатор записи |
(NLR Aleph) 000924356 |
| 100 ## - ДАННЫЕ ОБЩЕЙ ОБРАБОТКИ |
| Данные общей обработки |
20060420d2004 |||y0rusy50 ca |
| 101 0# - ЯЗЫК РЕСУРСА |
| Язык текста, звукозаписи и т.д. |
русский |
| Язык резюме |
английский |
| 102 ## - СТРАНА ПУБЛИКАЦИИ ИЛИ ПРОИЗВОДСТВА |
| Страна публикации |
Российская Федерация |
| 105 ## - ПОЛЕ КОДИРОВАННЫХ ДАННЫХ: ТЕКСТОВЫЕ МАТЕРИАЛЫ, МОНОГРАФИЧЕСКИЕ |
| Кодированные данные о монографическом текстовом документе |
a ||||||||| |
| 200 1# - ЗАГЛАВИЕ И СВЕДЕНИЯ ОБ ОТВЕТСТВЕННОСТИ |
| Основное заглавие |
Красная книга Красноярского края |
| Параллельное заглавие |
Red data book of the Krasnoyarsk territory |
| Сведения, относящиеся к заглавию |
редкие и находящиеся под угрозой исчезновения виды животных |
| Первые сведения об ответственности |
М-во природ. ресурсов Рос. Федерации, Гл. упр. природ. ресурсов и охраны окружающей среды МПР России по Краснояр. краю [и др. |
| Последующие сведения об ответственности |
Е.Е. Сыроечковский и др. |
| -- |
отв. ред. А.П. Савченко, проф.] |
| Язык параллельного заглавия |
английский |
| 205 ## - СВЕДЕНИЯ ОБ ИЗДАНИИ |
| Сведения об издании |
2-е изд., перераб. и доп. |
| 210 ## - ПУБЛИКАЦИЯ, РАСПРОСТРАНЕНИЕ И ДР. |
| Место издания, распространения и т.д. |
Красноярск |
| Имя издателя, распространителя и т. д. |
Издательский центр Красноярского государственного университета |
| Дата издания, распространения и т.д. |
2004 |
| 215 ## - ФИЗИЧЕСКАЯ ХАРАКТЕРИСТИКА |
| Специфическое обозначение материала и объем |
253 с. |
| Другие сведения о физической характеристике |
ил., портр. |
| Размеры |
26 |
| 300 ## - ОБЩИЕ ПРИМЕЧАНИЯ |
| Текст примечания |
В надзаг. также: М-во образования и науки Рос. Федерации, Краснояр. гос. ун-т, НИИ экологии рыбохоз. водоемов и назем. биосистем, М-во сел. хоз-ва Рос. Федерации [и др.] |
| 300 ## - ОБЩИЕ ПРИМЕЧАНИЯ |
| Текст примечания |
Рез. на англ. яз. |
| 320 ## - ПРИМЕЧАНИЯ О НАЛИЧИИ В ДОКУМЕНТЕ БИБЛИОГРАФИИ / УКАЗАТЕЛЯ |
| Текст примечания |
Библиогр.: с. 225-249 |
| 320 ## - ПРИМЕЧАНИЯ О НАЛИЧИИ В ДОКУМЕНТЕ БИБЛИОГРАФИИ / УКАЗАТЕЛЯ |
| Текст примечания |
Указ.: с. 250-253 |
| 510 0# - ПАРАЛЛЕЛЬНОЕ ЗАГЛАВИЕ |
| Параллельное заглавие |
Red data book of the Krasnoyarsk territory |
| Язык заглавия |
английский |
| 606 1# - НАИМЕНОВАНИЕ ТЕМЫ КАК ПРЕДМЕТ |
| Наименование темы |
Животные |
| Тематический подзаголовок |
Охрана |
| Географический подзаголовок |
Красноярский край |
| Системный номер авторитетной/нормативной записи |
1706916 |
| Идентификатор авторитетной/нормативной записи |
RU\NLR\auth\661058185 |
| 686 ## - ИНДЕКСЫ ДРУГИХ КЛАССИФИКАЦИЙ |
| Индекс |
Е688(2Р54-4Кра) |
| 702 #1 - ИМЯ ЛИЦА - ВТОРИЧНАЯ ОТВЕТСТВЕННОСТЬ |
| Код отношения |
Составитель |
| Графика поля |
Кириллица |
| Материалы, к которым относится поле |
rus |
| Начальный элемент ввода |
Сыроечковский |
| Часть имени, кроме начального элемента ввода |
Е. Е. |
| Дополнения к именам, кроме дат |
мл. |
| Расширение инициалов личного имени |
Евгений Евгеньевич |
| Системный номер авторитетной/нормативной записи |
122838 |
| Идентификатор авторитетной/нормативной записи |
RU\NLR\auth\7713137 |
| 702 #1 - ИМЯ ЛИЦА - ВТОРИЧНАЯ ОТВЕТСТВЕННОСТЬ |
| Код отношения |
Редактор |
| Графика поля |
Кириллица |
| Материалы, к которым относится поле |
rus |
| Начальный элемент ввода |
Савченко |
| Часть имени, кроме начального элемента ввода |
А. П. |
| Дополнения к именам, кроме дат |
д-р биол. наук |
| Даты |
1955- |
| Расширение инициалов личного имени |
Александр Петрович |
| Системный номер авторитетной/нормативной записи |
40697 |
| Идентификатор авторитетной/нормативной записи |
RU\NLR\auth\7757765 |
| 712 01 - НАИМЕНОВАНИЕ ОРГАНИЗАЦИИ - ВТОРИЧНАЯ ОТВЕТСТВЕННОСТЬ |
| Код отношения |
Прочие |
| Начальный элемент ввода |
Российская Федерация |
| Структурное подразделение |
Главное управление природных ресурсов и охраны окружающей среды по Красноярскому краю |
| Системный номер авторитетной/нормативной записи |
606759 |
| Идентификатор авторитетной/нормативной записи |
RU\NLR\AUTH\8810053174 |
| 801 #0 - ИСТОЧНИК ЗАПИСИ |
| Страна |
Российская Федерация |
| Организация |
NLR |
| Дата составления |
20060420 |
| Правила каталогизации |
rcr |
| 801 #1 - ИСТОЧНИК ЗАПИСИ |
| Страна |
Российская Федерация |
| Организация |
NLR |
| Дата составления |
20060420 |
| 942 ## - ДОПОЛНИТЕЛЬНЫЕ ЭЛЕМЕНТЫ ЗАПИСИ (АБИС) |
| Тип экземпляра АБИС |
Книга |
| 980 ## - КОЛЛЕКЦИЯ |
| Название коллекции |
Национальная библиография |